| 000 | 00463nam a2200193 4500 | ||
|---|---|---|---|
| 001 | 2169048 | ||
| 005 | 20180112042754.0 | ||
| 008 | 731003t19671966nyu 000 0 eng | ||
| 010 | _a 66011311 | ||
| 040 |
_aDLC _cDLC _dDLC |
||
| 041 | _aeng | ||
| 080 | _a808.1 | ||
| 082 | 0 | 0 | _a808.1 |
| 100 | 1 | _a21 | |
| 101 | _aGJL | ||
| 245 | 1 | 4 |
_aThe design of poetry, _cby Charles B. Wheeler. |
| 906 |
_a7 _bcbc _corignew _du _eocip _f19 _gy-gencatlg |
||
| 942 |
_2ddc _cBK |
||
| 999 |
_c40181 _d40181 |
||